000 01066cam a2200313Ka 4500
001 54368692
003 OCoLC
005 20181226151104.0
008 040206s1998 nyua b 000 1 spa d
020 _a0590629115 (pbk.)
020 _a9780590629119 (pbk.)
040 _aWIM
_cWIM
_dJTE
041 _aspa
100 1 _aCervantes, Jesus P.
245 1 0 _aMi papa y yo /
_cescrito por Jesus Cervantes ; ilustrado por Carlos E. Bernales.
260 _aNew York :
_bScholastic,
_cc1998.
300 _a7 p. :
_bill. ;
_c18 cm.
490 1 _aCuentos foneticos de Scholastic ;
_v3.
520 _aMapi and her father work on a puzzle with four different animals, all of whose names begin with the letter "p."
546 _aIn Spanish.
650 0 _aFathers
_vJuvenile fiction.
650 0 _aFather and child
_vJuvenile fiction.
650 0 _aPuzzles
_vJuvenile fiction.
650 0 _aReading
_xPhonetic method.
650 1 _aSpanish language materials.
700 1 _aBernales, Carlos E.
_4ill.
830 0 _aCuentos foneticos de Scholastic ;
_v3.
942 _cBK
999 _c21625
_d21625